| 000 | 01156cam a2200253 4500 | ||
|---|---|---|---|
| 001 | ABS66348 | ||
| 008 | 030117n2003 000 0 eng u | ||
| 035 | _a(Sirsi) u121046 | ||
| 100 | _aBedford, M. | ||
| 245 | _aWhat's new in surveying instruments? | ||
| 260 | _c2003 | ||
| 490 |
_aGEO:connexion _v2(1) January 2003, 56-60(4) |
||
| 520 | _aProvides an overview of the latest optical surveying instruments, and discusses evolutionary developments such as digital data collection, new battery technologies and integration with GPS instruments. Discusses leading products in four categories; total stations, optical and digital levels, laser distance measures, and 3D laser scanners. Lists product websites and includes a general website with links to companies offering surveying instruments and services: www.geoconnexion.com/company/links. | ||
| 590 | _aABS | ||
| 650 | _aLASER DISTANCE METERS | ||
| 650 | _a3D LASER SCANNERS | ||
| 650 | _aTOTAL STATIONS | ||
| 650 | _aELECTRONIC LEVELS | ||
| 650 | _aDIGITAL TECHNOLOGY | ||
| 650 | _aOPTICAL INSTRUMENTS | ||
| 650 | _aSURVEYING INSTRUMENTS | ||
| 690 |
_aGeomatics _96242 |
||
| 942 | _n0 | ||
| 999 |
_c71929 _d71929 |
||